000 00745nab a22002297a 4500
001 16270
003 HDC
007 cr bn ---aaaaa
008 210128c99999999my ||||o |||| 00| 00eng d
040 _aHDC
245 0 _aBusiness-class passenger asks for beer, MAS says no more for short-haul flights
336 _atext
_2rdacontent
337 _acomputer
_2rdamedia
338 _aonline resource
_2rdacarrier
650 _aAir transportation
_99233
650 _aBusiness
_9207
710 _aToday Online
856 _zRequest full-text at [email protected]
942 _2lcc
942 _cNEWS
942 _kNWSO 003263
999 _c13586
_d13586